| 000 | 00597nam a2200205Ia 4500 | ||
|---|---|---|---|
| 003 | GCL | ||
| 008 | 140319s9999 xx 000 0 ara d | ||
| 040 |
_aGCL / _cGCL |
||
| 082 | 0 | 4 |
_a843 _bم د |
| 100 | 1 | _aموليير | |
| 245 | 1 | 0 |
_aدون جوان / _cموليير |
| 700 | 1 | _aادوار ميخائيل | |
| 700 | 1 | _aفتوح نشاطى(مراجع) | |
| 300 | _a152 ص | ||
| 490 |
_aروائع المسرح العالمى _v0 |
||
| 650 | 0 | 4 | _aالمسرح الفرنسى |
| 650 | 0 | 4 | _aالادب الفرنسى |
| 650 | 0 | 4 | _aالمسرح الفرنسى المترجم |
| 942 |
_2ddc _cBK |
||
| 999 |
_c38406 _d38406 |
||